Razonamiento evaluativo /
Guardado en:
| Autor principal: | |
|---|---|
| Otros Autores: | |
| Formato: | Texto |
| Materias: | |
| Etiquetas: |
Agregar Etiqueta
Sin Etiquetas, Sea el primero en etiquetar este registro!
|
MARC
| LEADER | 00000 a a2200000 04500 | ||
|---|---|---|---|
| 001 | 13565 | ||
| 003 | |||
| 040 | |||
| 100 | |a Picado Gatgens, Xinia | ||
| 245 | |a Razonamiento evaluativo / |c Xinia Picado Gatgens | ||
| 650 | |a METODOLOGIA | ||
| 650 | |a EVALUACION | ||
| 650 | |a EVALUACION DE PROGRAMAS | ||
| 650 | |a TEORIA | ||
| 650 | |a INVESTIGACION | ||
| 700 | |a Ramírez Briceño, Edgar Roy | ||
| 773 | |g número 67; páginas 13-30 | ||
| 999 | |c 24728 |d 24728 | ||
